| 000 | 00366nam a2200145Ia 4500 | ||
|---|---|---|---|
| 008 | 230917s9999||||xx |||||||||||||| ||und|| | ||
| 040 |
_e105574 _aMAIN |
||
| 041 | _aEnglish | ||
| 082 | _a352.054 S64P | ||
| 100 | _aSingh, Seema | ||
| 245 | 0 | _aPanchayati raj and women empowerment | |
| 260 |
_aNew Delhi _bOcean Books pvt _c2003 |
||
| 300 | _a247p p. | ||
| 942 | _cBK | ||
| 999 |
_c122514 _d122514 |
||